000 01278nam a22002177a 4500
999 _c59704
_d59704
003 Ge_BSU
005 20230404120719.0
008 230404s1984 ge ||||| |||| 00| 0 geo d
041 _ageo
080 _a94(479.25) ხ-75
100 _aხორენაცი, მოვსეს
_917465
245 _aსომხეთის ისტორია /
_c მოვსეს ხორენაცი ; ძვ. სომხ. თარგმნა, შესავალი და შენიშვნები დაურთო ა. აბდალაძემ ; ივ. ჯავახიშვილის სახ. ისტორიის, არქეოლოგიის და ეთნოგრაფიის ინ-ტი.
264 _aთბილისი :
_bმეცნიერება,
_c1984.
300 _a300 გვ. ;
_b20 სმ.
501 _aსაძიებლები: გვ. 287-300.
520 _aრეზ. რუს.
653 _aსომხეთის ისტორია
700 _aაბდალაძე, ა.
_eთარგმნელი
_917466
710 _aისტორიის, არქეოლოგიისა და ეთნოგრაფიის ინსტიტუტი.
_917467
942 _2udc
_cBK